|
|
|
|
| LEADER |
00000nam0a2200000 4500 |
| 001 |
183685 |
| 005 |
20231101223758.0 |
| 035 |
|
|
|a (RuTPU)RU\TPU\book\199140
|
| 090 |
|
|
|a 183685
|
| 100 |
|
|
|a 20100819d2010 m y0rusy50 ca
|
| 101 |
0 |
|
|a rus
|
| 102 |
|
|
|a RU
|
| 105 |
|
|
|a a j 001zy
|
| 200 |
1 |
|
|a Технология изготовления сварных конструкций
|e учебное пособие
|f Н. Ю. Крампит, А. Г. Крампит
|g Национальный исследовательский Томский политехнический университет (ТПУ)
|
| 205 |
|
|
|a 2-е изд., испр. и доп.
|
| 210 |
|
|
|a Томск
|c Изд-во ТПУ
|d 2010
|
| 215 |
|
|
|a 119 с.
|c ил.
|
| 320 |
|
|
|a Библиогр.: с. 116.
|
| 330 |
|
|
|a В пособии рассмотрены конструктивные особенности различных типов сварных изделий, вопросы организации производства сварных конструкций на различных предприятиях. Предназначено для студентов, обучающихся по специальности 150202 «Оборудование и технология сварочного производства».
|
| 452 |
|
1 |
|0 (RuTPU)RU\TPU\book\219308
|t Технология изготовления сварных конструкций
|o учебное пособие
|f Н. Ю. Крампит, А. Г. Крампит
|g Национальный исследовательский Томский политехнический университет (ТПУ), Юргинский технологический институт (ЮТИ)
|c Томск
|n Изд-во ТПУ
|d 2010
|a Крампит, Наталья Юрьевна
|
| 606 |
1 |
|
|a Сварные конструкции
|x Производство
|x Механизация
|2 stltpush
|3 (RuTPU)RU\TPU\subj\53958
|9 72122
|
| 610 |
1 |
|
|a сварные изделия
|
| 610 |
1 |
|
|a сварные балки
|
| 610 |
1 |
|
|a листовые конструкции
|
| 610 |
1 |
|
|a корпусные транспортные конструкции
|
| 610 |
1 |
|
|a детали машин
|
| 610 |
1 |
|
|a приборы
|
| 610 |
1 |
|
|a сварка
|
| 610 |
1 |
|
|a серийное производство
|
| 610 |
1 |
|
|a крупносерийное производство
|
| 610 |
1 |
|
|a учебные пособия
|
| 610 |
1 |
|
|a труды учёных ТПУ
|
| 675 |
|
|
|a 621.791(075.8)
|v 3
|
| 700 |
|
1 |
|a Крампит
|b Н. Ю.
|c специалист в области сварочного производства
|c доцент Юргинского технологического института (филиала) Томского политехнического университета, кандидат технических наук
|g Наталья Юрьевна
|2 stltpush
|3 (RuTPU)RU\TPU\pers\24312
|
| 701 |
|
1 |
|a Крампит
|b А. Г.
|c специалист в области сварочного производства
|c доцент Юргинского технологического института (филиала) Томского политехнического университета, кандидат технических наук
|g Андрей Гарольдович
|2 stltpush
|3 (RuTPU)RU\TPU\pers\25093
|
| 712 |
0 |
2 |
|a Национальный исследовательский Томский политехнический университет (ТПУ)
|c (2009- )
|2 stltpush
|3 (RuTPU)RU\TPU\col\15902
|
| 801 |
|
1 |
|a RU
|b 63413507
|c 20100819
|
| 801 |
|
2 |
|a RU
|b 63413507
|c 20210609
|g RCR
|
| 942 |
|
|
|c BK
|